000 00681nam a2200301Ia 4500
005 20260401122259.0
008 008 250103s9999 xx 000 0 eng d
020 _a691115958
037 _aTB
040 _aEDL
040 _beng
040 _cEDL
041 _2eng
041 _aeng
084 _a111.85 HER
084 _qEDL
100 _aHerder, Johann Gottfried
245 0 _aSelected Writings on Aesthetics
245 0 _cHerder, Johann Gottfried
260 _aPrinceton
260 _bPrinceton University Press
260 _c2006
300 _a455p
942 _cTB
942 _h111.85 HER
999 _c1846194
_d1846194